000 00382nam a2200145Ia 4500
008 210716s2006 xx 000 0 und d
041 _aeng
082 _a658.4012 VARM
100 _aVarma, M M; Agarwal, R K.
245 _aKings business policy strategic management.
250 _a1
260 _aNew Delhi
_bKings Books
_c2006
300 _a262
650 _aStrategic Management
999 _c200433
_d200433